GROWTH AND MINERAL NUTRITION OF FIELD CROPS (Record no. 296366)
[ view plain ]
| 000 -LEADER | |
|---|---|
| fixed length control field | 005330000a22001930004500 |
| 082 ## - DEWEY DECIMAL CLASSIFICATION NUMBER | |
| Classification number | 633 FAG/GR |
| 100 ## - MAIN ENTRY--PERSONAL NAME | |
| Personal name | BALIGAR, VIRUPAX C |
| Date of a work | Author |
| 100 ## - MAIN ENTRY--PERSONAL NAME | |
| Personal name | FAGERIA, NAND KUMAR |
| Date of a work | Author |
| 100 ## - MAIN ENTRY--PERSONAL NAME | |
| Personal name | JONES, CHARLES ALLAN |
| Date of a work | Author |
| 245 ## - TITLE STATEMENT | |
| Title | GROWTH AND MINERAL NUTRITION OF FIELD CROPS |
| 250 ## - EDITION STATEMENT | |
| Edition statement | 3 |
| 260 ## - PUBLICATION, DISTRIBUTION, ETC. (IMPRINT) | |
| Place of publication, distribution, etc. | LONDON, CRC PRESS |
| 260 ## - PUBLICATION, DISTRIBUTION, ETC. (IMPRINT) | |
| Date of publication, distribution, etc. | 2011 |
| 300 ## - PHYSICAL DESCRIPTION | |
| Extent | pages 560 |
| 650 ## - SUBJECT ADDED ENTRY--TOPICAL TERM | |
| Topical term or geographic name as entry element | DIAGNOSTIC TECHNIQUES |
| 650 ## - SUBJECT ADDED ENTRY--TOPICAL TERM | |
| Topical term or geographic name as entry element | FIELD CROPS AND MINERAL NUTRITION |
| 650 ## - SUBJECT ADDED ENTRY--TOPICAL TERM | |
| Topical term or geographic name as entry element | NUTRIENT FLUX IN SOIL-PLANT SYSTEM |
| 942 ## - ADDED ENTRY ELEMENTS (KOHA) | |
| Koha item type | Books (General) |
| Withdrawn status | Lost status | Damaged status | Not for loan | Home library | Current library | Date acquired | Total Checkouts | Full call number | Barcode | Date last seen | Date checked out | Price effective from | Koha item type |
|---|---|---|---|---|---|---|---|---|---|---|---|---|---|
| College of Agriculture, Padannakkad | College of Agriculture, Padannakkad | 24/07/2013 | 1 | 633 FAG/GR | KAU_COAP-07426 | 25/11/2019 | 01/11/2019 | 24/07/2013 | Books (General) |
